Top 100 Retailers as of 2024 - Statistics

General Stats
  • This quiz has been taken 97 times
  • The average score is 9 of 100
Answer Stats
US Headquarters Location Company Name % Correct
Bentonville, Arkansas Walmart
97%
Minneapolis, Minnesota Target
79%
Atlanta, Georgia The Home Depot
55%
Richfield, Minnesota Best Buy
45%
New York City, New York Macy's
41%
Chesapeake, Virginia Dollar Tree
32%
Batavia, Illinois Aldi
31%
Goodlettsville, Tennessee Dollar General
30%
Menomonee Falls, Wisconsin Kohl's
27%
San Francisco, California Gap
24%
Reynoldsburg, Ohio Bath & Body Works
20%
Little Rock, Arkansas Dillard's
18%
Irving, Texas 7-Eleven
17%
Seattle, Washington Nordstrom
17%
Burlington, New Jersey Burlington
15%
Coraopolis, Pennsylvania Dick's Sporting Goods
15%
Issaquah, Washington Costco Wholesale
14%
New York City, New York Foot Locker
14%
San Diego, California Petco
13%
Camp Hill, Pennsylvania Rite Aid
13%
Reynoldsburg, Ohio Victoria's Secret
13%
Pittsburgh, Pennsylvania American Eagle
11%
West Des Moines, Idaho Hy Vee
11%
Phoenix, Arizona PetSmart
11%
Framingham, Massachusetts Staples
11%
Columbus, Ohio Big Lots
10%
Eau Claire, Wisconsin Menards
10%
Cincinnati, Ohio The Kroger Co.
10%
Bolingbrook, Illinois Ulta Beauty
10%
Seattle, Washington Amazon.com
8%
Springfield, Missouri Bass Pro
8%
Grand Rapid, Michigan Meijer
8%
Oak Brook, Illinois Ace Hardware
7%
Memphis, Tennessee AutoZone
7%
Lakeland, Florida Publix Super Markets
7%
San Francisco, California Sephora
7%
Brentwood, Tennessee Tractor Supply Co.
7%
Deerfield, Illnois Walgreens Boots Alliance
7%
O'Hara Township, Pennsylvania Giant Eagle
6%
Mooresville, North Carolina Lowe's Companies
6%
Dallas, Texas Neiman Marcus
6%
Keene, New Hampshire Piggly Wiggly
6%
New York City, New York Verizon Wireless
6%
Keasbey, New Jersey Wakefern/ShopRite
6%
Boise, Idaho Albertsons Companies
4%
Cupertino, California Apple Stoes/iTunes
4%
Dallas, Texas AT&T Wireless
4%
Calabasas, California Harbor Freight Tools
4%
Springfield, Missouri O'Reilly Auto Parts
4%
St. Ann, Missouri Save-A-Lot
4%
St. Louis, Missouri Schnucks
4%
Framingham, Massachusetts TJX Companies
4%
Marlborough, Massachusetts BJ's Wholesale Club
3%
Woonsocket, Rhode Island CVS Health Corporation
3%
Sumner, Washington Lululemon
3%
Cleveland, Ohio Sherwin-Williams
3%
Jacksonville, Florida Southeastern Grocers
3%
Rochester, New York Wegmans Food Market
3%
San Francisco, California Williams-Sonoma
3%
Katy, Texas Academy Sports
1%
Raleigh, North Carolina Advance Auto
1%
Tempe, Arizona Alimentation Couche-Tard
1%
Ada Township, Michigan Amway
1%
Dallas, Texas Army and Air Force Exchange Service
1%
Tustin, California AVB Brandsource
1%
Lincolnshire, Illinois Camping World
1%
Ankeny, Iowa Casey's General Store
1%
Los Angeles, California Chedraui
1%
Boston, Massachusetts Chewy.com
1%
Fort Lee, Virginia Defense Commissary Agency
1%
Round Rock, Texas Dell Technologies
1%
Scottsdale, Arizona Discount Tire
1%
Irving, Texas Exxon Mobil Corporation
1%
Chesterbrook, Pennsylvania Good Neighbor Pharmacy
1%
San Francisco, California Health Mart Systems
1%
San Antonio, Texas H.E. Butt Grocery Store
1%
Oklahoma City, Oklahoma Hobby Lobby Stores
1%
New York City, New York Hudson's Bay
1%
Conshohocken, Pennsylvania Ikea North American Svcs.
1%
Black Mountain, North Carolina Ingles
1%
Plano, Texas J.C. Penney Company
1%
Irving, Texas Michaels Store
1%
Tewksbury, Massachusetts My Demoulas
1%
Schenectady, New York Northeast Grocery
1%
Midvale, Utah Overstock.com
1%
Englewood, Colorado Qurate Retail
1%
West Sacramento, California Raley's Supermarkets
1%
Dublin, California Ross Stores
1%
Carlisle, Pennsylvania Royal Ahold Delhaize USA
1%
Modesto, California Save Mart Supermarkets
1%
Houston, Texas Shell Oil Company
1%
Akron, Ohio Signet Jewelers
1%
Phoenix, Arizona Sprouts Farmers Market
1%
San Bernandino, California Stater Bros Holdings
1%
New York City, New York Tapestry
1%
Bethesda, Maryland Total Wine & More
1%
Chicago, Illinois True Value Co.
1%
Boston, Massachusetts Wayfair
1%
Sunbury, Pennsylvania Weis Markets
1%
Boise, Idaho WinCo Foods
1%
No matching quizzes found
Score Distribution
Percent of People with Each Score
Percentile by Number Answered
Your Score History
You have not taken this quiz